Σήματα Εταιριών Μπύρας - Statistics

General Stats
  • This quiz has been taken 13 times
  • The average score is 9 of 12
Answer Stats
Picture Answer % Correct
Άλφα
92%
Φιξ
85%
Μύθος
85%
Kaiser
85%
Corona
77%
Heineken
77%
Guinness
69%
Pils
69%
Amstel
62%
Carlsberg
62%
Estrella
62%
Βεργίνα
46%
No matching quizzes found
Score Distribution
Percent of People with Each Score
Percentile by Number Answered
Your Score History
You have not taken this quiz